000
00240nam a2200109Ia 4500
008
200302s9999 xx 000 0 und d
100
_a
Ramesh Shah
245
_a
City Planning
260
_b
Ane Books Pvt. Ltd
260
_c
2017
300
_a
280
999
_c
6034
_d
6034